[Event "Asian-ch Seniors 65 zt 3.4"]
[Site "Chess.com INT"]
[Date "2020.07.16"]
[Round "7.4"]
[White "Iskichekova, Nadezhda"]
[Black "Sadykov, Telbay"]
[Result "1/2-1/2"]
[WhiteElo "1763"]
[BlackElo "1827"]
[PlyCount "140"]
[EventDate "2020.07.16"]
[EventType "swiss"]
[EventRounds "7"]
[EventCountry "UZB"]
[SourceTitle "EXT 2024"]
[Source "ChessBase"]
[SourceDate "2023.10.10"]
[SourceVersion "1"]
[SourceVersionDate "2023.10.10"]
[SourceQuality "1"]

1. d4 Nf6 2. c4 c5 3. e3 g6 4. Nc3 b6 5. d5 d6 6. e4 Bg7 7. f3 0-0 8. Bd3 e6 9. Nge2 exd5 10. cxd5 a6 11. 0-0 b5 12. a3 Nbd7 13. Rb1 Ne5 14. Bc2 Bb7 15. b3 Qb6 16. Kh1 Rfe8 17. Bf4 Nfd7 18. Qd2 Qd8 19. Bg5 f6 20. Bh6 Qe7 21. h3 Bxh6 22. Qxh6 Qg7 23. Qxg7+ Kxg7 24. f4 Nf7 25. Kh2 h5 26. Bd3 Nb6 27. Ng1 Rac8 28. Rfe1 Rc7 29. Nf3 Rce7 30. Bc2 Bc8 31. g3 Nh6 32. Kg2 Nd7 33. b4 Nf7 34. a4 cxb4 35. Rxb4 bxa4 36. Rxa4 Nc5 37. Rb4 Rb7 38. Rxb7 Bxb7 39. Rb1 Re7 40. Nd2 g5 41. Kf3 Bc8 42. Kg2 Rb7 43. Rxb7 Bxb7 44. Na4 Nd7 45. Nc4 h4 46. Nab6 Nc5 47. Na5 hxg3 48. Kxg3 gxf4+ 49. Kxf4 Ne5 50. Ke3 Kh6 51. Nbc4 Nf7 52. Nb6 Kg5 53. Bd1 Kh4 54. Bg4 Ne5 55. Be6 Kg3 56. Bf5 Nf7 57. Kd4 Ng5 58. Nxb7 Nxb7 59. Nd7 Nxh3 60. Bxh3 Kxh3 61. Nxf6 Kg3 62. e5 dxe5+ 63. Kxe5 a5 64. Ne4+ Kf3 65. Kd4 Kf4 66. Nc3 Nd6 67. Kc5 Ne8 68. Kb5 Ke5 69. Kxa5 Nf6 70. Kb5 Nxd5 1/2-1/2

[Event "KAZ-ch (Women)"]
[Site "Almaty"]
[Date "2016.05.11"]
[Round "8"]
[White "Davletbayeva, Madina"]
[Black "Iskichekova, Nadezhda"]
[Result "1-0"]
[WhiteElo "2297"]
[BlackElo "1784"]
[PlyCount "50"]
[EventDate "2016.05.03"]
[EventType "tourn"]
[EventRounds "9"]
[EventCountry "KAZ"]
[SourceTitle "CBM 172 Extra"]
[Source "ChessBase"]
[SourceDate "2016.06.21"]
[SourceVersion "1"]
[SourceVersionDate "2016.06.21"]
[SourceQuality "1"]

1. e4 c5 2. Nf3 e6 3. d4 cxd4 4. Nxd4 Nf6 5. Nc3 a6 6. e5 Ng8 7. Be3 Qc7 8. f4 d6 9. exd6 Qxd6 10. Qf3 Qc7 11. 0-0-0 Bd7 12. f5 exf5 13. Nd5 Qa5 14. Nb3 Qd8 15. Nb6 Qe7 16. Nxa8 Bc6 17. Qg3 Nd7 18. Nb6 Ngf6 19. Nxd7 Nxd7 20. Bc4 Qe4 21. Bg5 f4 22. Qxf4 Qxf4+ 23. Bxf4 Bxg2 24. Rhe1+ Kd8 25. Bxf7 Bh3 1-0

[Event "KAZ-ch (Women)"]
[Site "Almaty"]
[Date "2016.05.05"]
[Round "3"]
[White "Abdumalik, Zhansaya"]
[Black "Iskichekova, Nadezhda"]
[Result "1-0"]
[WhiteElo "2386"]
[BlackElo "1784"]
[PlyCount "55"]
[EventDate "2016.05.03"]
[EventType "tourn"]
[EventRounds "9"]
[EventCountry "KAZ"]
[SourceTitle "CBM 172 Extra"]
[Source "ChessBase"]
[SourceDate "2016.06.21"]
[SourceVersion "1"]
[SourceVersionDate "2016.06.21"]
[SourceQuality "1"]

1. e4 c6 2. d4 d5 3. Nd2 dxe4 4. Nxe4 Nf6 5. Nxf6+ exf6 6. c3 Bd6 7. Bd3 0-0 8. Ne2 Bg4 9. Qc2 Bxe2 10. Bxe2 g6 11. h4 f5 12. Bg5 Be7 13. Bh6 Re8 14. g3 Nd7 15. 0-0-0 Nf8 16. Kb1 a5 17. h5 Bg5 18. hxg6 hxg6 19. Bxf8 Rxf8 20. Rh3 Kg7 21. Rdh1 Be7 22. g4 fxg4 23. Rh7+ Kf6 24. Bxg4 c5 25. Qe4 Qd6 26. Qf3+ Kg5 27. Rg1 f5 28. Bxf5+ 1-0

[Event "KAZ-ch (Women)"]
[Site "Almaty"]
[Date "2016.05.03"]
[Round "1"]
[White "Dauletova, Gulmira"]
[Black "Iskichekova, Nadezhda"]
[Result "1-0"]
[WhiteElo "2284"]
[BlackElo "1784"]
[PlyCount "55"]
[EventDate "2016.05.03"]
[EventType "tourn"]
[EventRounds "9"]
[EventCountry "KAZ"]
[SourceTitle "CBM 172 Extra"]
[Source "ChessBase"]
[SourceDate "2016.06.21"]
[SourceVersion "1"]
[SourceVersionDate "2016.06.21"]
[SourceQuality "1"]

1. e4 c6 2. d4 d5 3. Nc3 dxe4 4. Nxe4 Bf5 5. Ng3 Bg6 6. h4 h5 7. Be2 Nf6 8. Nh3 Ne4 9. Nf4 Nxg3 10. fxg3 Qa5+ 11. Bd2 Qf5 12. Bd3 Qf6 13. Bxg6 fxg6 14. Qe2 Na6 15. Rf1 Qd6 16. 0-0-0 0-0-0 17. Ne6 Re8 18. Bf4 Qd5 19. c4 Qa5 20. a3 Qa4 21. Rf3 b6 22. Rdf1 b5 23. cxb5 cxb5 24. Rc3+ Kd7 25. Qe4 Qc4 26. Rxc4 bxc4 27. Qd5+ Kc8 28. Qc6+ 1-0

[Event "KAZ-ch sf (Women)"]
[Site "Pavlodar"]
[Date "2016.02.13"]
[Round "8"]
[White "Iskichekova, Nadezhda"]
[Black "Kim, Kristina"]
[Result "0-1"]
[WhiteElo "1795"]
[BlackElo "1785"]
[PlyCount "90"]
[EventDate "2016.02.05"]
[EventType "swiss"]
[EventRounds "9"]
[EventCountry "KAZ"]
[SourceTitle "CBM 171 Extra"]
[Source "ChessBase"]
[SourceDate "2016.04.26"]
[SourceVersion "1"]
[SourceVersionDate "2016.04.26"]
[SourceQuality "1"]

1. d4 d5 2. c4 e6 3. Nc3 c6 4. e3 Bd6 5. Nf3 f5 6. cxd5 exd5 7. Bd3 Nf6 8. 0-0 0-0 9. Ne5 Nbd7 10. f4 Ne4 11. Nxe4 fxe4 12. Be2 Nxe5 13. fxe5 Bc7 14. Bd2 Bf5 15. Bg4 Qg5 16. Bxf5 Rxf5 17. Rxf5 Qxf5 18. Qe2 Rf8 19. Bb4 Rf7 20. Rf1 Qxf1+ 21. Qxf1 Rxf1+ 22. Kxf1 Kf7 23. Ke2 Ke6 24. Bf8 g6 25. b4 a5 26. a3 axb4 27. axb4 b6 28. Kd2 g5 29. b5 c5 30. dxc5 Bxe5 31. h3 Kf7 32. Bh6 bxc5 33. Bxg5 Bc7 34. Bf4 Ba5+ 35. Kc2 d4 36. exd4 cxd4 37. Kd1 Ke6 38. g4 Kd5 39. h4 e3 40. g5 Ke4 41. Bxe3 dxe3 42. Ke2 Bb6 43. h5 Kf5 44. g6 hxg6 45. h6 Kf6 0-1

[Event "KAZ-ch sf (Women)"]
[Site "Pavlodar"]
[Date "2016.02.11"]
[Round "6"]
[White "Iskichekova, Nadezhda"]
[Black "Mukhit, Aisezym"]
[Result "1/2-1/2"]
[WhiteElo "1795"]
[BlackElo "1996"]
[PlyCount "74"]
[EventDate "2016.02.05"]
[EventType "swiss"]
[EventRounds "9"]
[EventCountry "KAZ"]
[SourceTitle "CBM 171 Extra"]
[Source "ChessBase"]
[SourceDate "2016.04.26"]
[SourceVersion "1"]
[SourceVersionDate "2016.04.26"]
[SourceQuality "1"]

1. d4 Nf6 2. Nf3 c5 3. e3 g6 4. g3 Bg7 5. Bg2 cxd4 6. exd4 d5 7. 0-0 Nc6 8. c3 0-0 9. h3 Bd7 10. Kh2 a5 11. Re1 a4 12. Ne5 Na5 13. Na3 Re8 14. Nc2 Bb5 15. Nb4 e6 16. Nbd3 Nd7 17. Nxd7 Qxd7 18. Ne5 Qc7 19. Bf4 Qb6 20. Qd2 f6 21. Nf3 Nc4 22. Qc2 Bd7 23. Bc1 Ra5 24. Nd2 Bc6 25. b4 axb3 26. Nxb3 Ba4 27. Qb1 Rb5 28. Qd3 Bxb3 29. axb3 Rxb3 30. Bxd5 Ne5 31. Qd2 exd5 32. dxe5 fxe5 33. Qxd5+ Kh8 34. Be3 Qb5 35. Qxb5 Rxb5 36. Rab1 Rxb1 37. Rxb1 Re7 1/2-1/2

[Event "KAZ-ch sf (Women)"]
[Site "Pavlodar"]
[Date "2016.02.09"]
[Round "4"]
[White "Iskichekova, Nadezhda"]
[Black "Sultanbek, Zeinep"]
[Result "1-0"]
[WhiteElo "1795"]
[BlackElo "1634"]
[PlyCount "76"]
[EventDate "2016.02.05"]
[EventType "swiss"]
[EventRounds "9"]
[EventCountry "KAZ"]
[SourceTitle "CBM 171 Extra"]
[Source "ChessBase"]
[SourceDate "2016.04.26"]
[SourceVersion "1"]
[SourceVersionDate "2016.04.26"]
[SourceQuality "1"]

1. d4 d5 2. Nf3 e6 3. Bf4 c6 4. e3 f5 5. Bd3 Nf6 6. Nbd2 Be7 7. 0-0 0-0 8. Ne5 Nbd7 9. Ndf3 Ne4 10. Nxd7 Bxd7 11. Be5 Bf6 12. Bxf6 Rxf6 13. Ne5 Rh6 14. Bxe4 fxe4 15. Qg4 Be8 16. f4 exf3 17. Qxf3 Bg6 18. Nf7 Bxf7 19. Qxf7+ Kh8 20. Qxb7 Rb8 21. Qxa7 Qd6 22. g3 Rg6 23. Kg2 Rxb2 24. Rf2 h5 25. Qf7 Kh7 26. Qf3 h4 27. Qf4 Qe7 28. a4 Kg8 29. Raf1 hxg3 30. hxg3 Ra2 31. Qb8+ Kh7 32. Rh1+ Rh6 33. Rxh6+ gxh6 34. Qa8 Ra3 35. Rf8 Rxe3 36. Rh8+ Kg6 37. Qg8+ Kf5 38. Rxh6 Qg5 1-0

[Event "KAZ-ch sf (Women)"]
[Site "Pavlodar"]
[Date "2016.02.08"]
[Round "3"]
[White "Zykova, Darya"]
[Black "Iskichekova, Nadezhda"]
[Result "0-1"]
[WhiteElo "1535"]
[BlackElo "1795"]
[PlyCount "185"]
[EventDate "2016.02.05"]
[EventType "swiss"]
[EventRounds "9"]
[EventCountry "KAZ"]
[SourceTitle "CBM 171 Extra"]
[Source "ChessBase"]
[SourceDate "2016.04.26"]
[SourceVersion "1"]
[SourceVersionDate "2016.04.26"]
[SourceQuality "1"]

1. e4 e5 2. Bc4 Nf6 3. d3 d6 4. Nc3 Bg4 5. Nge2 c6 6. f3 Be6 7. Bxe6 fxe6 8. 0-0 b5 9. a3 Qb6+ 10. Kh1 Be7 11. Ng3 Nbd7 12. f4 exf4 13. Bxf4 0-0-0 14. Qd2 Ne5 15. Qe3 Ng6 16. Qxb6 axb6 17. Bd2 Kb7 18. Nce2 h5 19. Nd4 h4 20. Nge2 e5 21. Nf5 Bf8 22. Rf3 Ne7 23. Raf1 Nxf5 24. Rxf5 Be7 25. Bg5 Rh7 26. R5f3 Rh5 27. Be3 Kc7 28. Ng1 c5 29. Nh3 Kd7 30. Bg5 Rf8 31. Kg1 Ke6 32. Bd2 Nd7 33. Rxf8 Nxf8 34. Nf2 Nd7 35. Nd1 c4 36. Nc3 cxd3 37. cxd3 Nc5 38. Rf3 g5 39. h3 b4 40. axb4 Na6 41. Nd5 Bd8 42. Rf8 Kd7 43. Be3 b5 44. Kf1 Nc7 45. Nxc7 Bxc7 46. Rf5 Bd8 47. d4 exd4 48. Bxd4 Kc6 49. Ke2 Rh7 50. Kf3 Rh6 51. Kg4 Re6 52. Kf3 Rg6 53. Be3 Be7 54. Kg4 Re6 55. Kf3 Rg6 56. Kg4 Re6 57. Kf3 Bf6 58. b3 Bc3 59. Bxg5 Be1 60. Rf4 Bd2 61. Rg4 Bxb4 62. Rxh4 Bc3 63. Rh6 Re8 64. Bf4 Rf8 65. Rxd6+ Kc5 66. Rd5+ Kb4 67. Ke3 Rg8 68. g4 Rh8 69. Rh5 Rd8 70. e5 Kxb3 71. e6 Kc4 72. Be5 Bxe5 73. Rxe5 b4 74. e7 Re8 75. Kf4 b3 76. Kf5 b2 77. Re1 Rxe7 78. Rxe7 b1Q+ 79. Kf6 Qf1+ 80. Kg5 Qxh3 81. Re4+ Kd5 82. Re1 Qg3 83. Re2 Kd6 84. Re4 Qf3 85. Rf4 Qd5+ 86. Rf5 Qg8+ 87. Kf4 Qh8 88. Kg5 Ke6 89. Kf4 Qh6+ 90. Ke4 Qh1+ 91. Kf4 Qc1+ 92. Ke4 Ke7 93. Kf3 0-1

[Event "Pavlodar op"]
[Site "Pavlodar"]
[Date "2015.12.15"]
[Round "9"]
[White "Kim, Kristina"]
[Black "Iskichekova, Nadezhda"]
[Result "0-1"]
[WhiteElo "1731"]
[BlackElo "1787"]
[PlyCount "49"]
[EventDate "2015.12.07"]
[EventType "swiss"]
[EventRounds "10"]
[EventCountry "KAZ"]
[SourceTitle "EXT 2017"]
[Source "ChessBase"]
[SourceDate "2016.10.25"]
[SourceVersion "1"]
[SourceVersionDate "2016.10.25"]
[SourceQuality "1"]

1. d4 d5 2. Nf3 Nf6 3. Bf4 e6 4. e3 Nbd7 5. Nbd2 Be7 6. Bd3 c5 7. c3 a6 8. a4 c4 9. Bc2 0-0 10. h3 b6 11. 0-0 Bb7 12. Qe2 Nh5 13. Bh2 f5 14. Ne5 Nhf6 15. f4 b5 16. axb5 axb5 17. Ndf3 Ne4 18. Nxd7 Qxd7 19. Ne5 Qc7 20. Bxe4 dxe4 21. Qc2 Bd5 22. Rfc1 Bd6 23. Qd2 Qb7 24. Bg3 Bxe5 25. fxe5 0-1

[Event "Pavlodar op"]
[Site "Pavlodar"]
[Date "2015.12.14"]
[Round "8"]
[White "Iskichekova, Nadezhda"]
[Black "Sannikov, Igor"]
[Result "0-1"]
[WhiteElo "1787"]
[BlackElo "2261"]
[PlyCount "48"]
[EventDate "2015.12.07"]
[EventType "swiss"]
[EventRounds "10"]
[EventCountry "KAZ"]
[SourceTitle "EXT 2017"]
[Source "ChessBase"]
[SourceDate "2016.10.25"]
[SourceVersion "1"]
[SourceVersionDate "2016.10.25"]
[SourceQuality "1"]

1. d4 g6 2. Nf3 Nf6 3. g3 Bg7 4. Bg2 0-0 5. 0-0 c6 6. b3 d6 7. Bb2 a5 8. Nbd2 b5 9. c4 Ra7 10. Qc2 Bf5 11. Qc1 Qd7 12. Re1 Bh6 13. e3 Na6 14. a3 Rb8 15. cxb5 cxb5 16. Nh4 Rc7 17. Qd1 Bc2 18. Qe2 Qe6 19. Qf1 Bxb3 20. Bh3 Bc4 21. Bxe6 Bxf1 22. Bxf7+ Kxf7 23. Nxf1 Rc2 24. Rab1 b4 0-1

[Event "Pavlodar op"]
[Site "Pavlodar"]
[Date "2015.12.08"]
[Round "3"]
[White "Iskichekova, Nadezhda"]
[Black "Gudashvili, Gavazi"]
[Result "1/2-1/2"]
[WhiteElo "1787"]
[BlackElo "1587"]
[PlyCount "46"]
[EventDate "2015.12.07"]
[EventType "swiss"]
[EventRounds "10"]
[EventCountry "KAZ"]
[SourceTitle "EXT 2017"]
[Source "ChessBase"]
[SourceDate "2016.10.25"]
[SourceVersion "1"]
[SourceVersionDate "2016.10.25"]
[SourceQuality "1"]

1. d4 d5 2. Nf3 Nf6 3. Bf4 c6 4. e3 Bf5 5. Bd3 Bg4 6. Nbd2 e6 7. h3 Bh5 8. c4 Bd6 9. Bxd6 Qxd6 10. c5 Qc7 11. Qc2 Bg6 12. Bxg6 hxg6 13. Ne5 Nbd7 14. f4 Rc8 15. b4 Ke7 16. Kf2 Nxe5 17. fxe5 Nd7 18. e4 Rh4 19. exd5 cxd5 20. Nf3 Rh5 21. g4 Rh6 22. g5 Rhh8 23. h4 b6 1/2-1/2

[Event "Pavlodar op"]
[Site "Pavlodar"]
[Date "2014.12.04"]
[Round "5"]
[White "Iskichekova, Nadezhda"]
[Black "Gordievskiy, Vladimir V"]
[Result "1-0"]
[WhiteElo "1783"]
[BlackElo "2045"]
[PlyCount "133"]
[EventDate "2014.12.01"]
[EventType "swiss"]
[EventRounds "9"]
[EventCountry "KAZ"]
[SourceTitle "EXT 2016"]
[Source "ChessBase"]
[SourceDate "2015.10.08"]
[SourceVersion "1"]
[SourceVersionDate "2015.10.08"]
[SourceQuality "1"]

1. d4 d5 2. Nf3 Nf6 3. Bf4 c6 4. e3 Qb6 5. b3 g6 6. h3 Bg7 7. Bd3 Nbd7 8. 0-0 c5 9. c3 0-0 10. Nbd2 Re8 11. Rc1 Nh5 12. Bh2 e5 13. dxe5 Nxe5 14. Nxe5 Bxe5 15. Bxe5 Rxe5 16. Nf3 Re7 17. Be2 Nf6 18. c4 dxc4 19. Bxc4 h6 20. Qc2 Bf5 21. Bd3 Bxd3 22. Qxd3 Rd8 23. Qc4 Ne4 24. Rfd1 Rxd1+ 25. Rxd1 Qf6 26. a4 g5 27. Qd3 h5 28. Qe2 Kg7 29. Rd3 a6 30. Ne1 b5 31. axb5 axb5 32. f3 Ng3 33. Qc2 Qe5 34. Kf2 Nf5 35. Qc3 Qxc3 36. Rxc3 c4 37. bxc4 Rc7 38. c5 Ne7 39. Nd3 Nc6 40. Rb3 b4 41. g4 hxg4 42. hxg4 Kf6 43. Nxb4 Nxb4 44. Rxb4 Rxc5 45. Rb3 Rc4 46. Ke2 Ra4 47. Kd3 Ke5 48. Rb5+ Kf6 49. Rf5+ Kg6 50. e4 f6 51. e5 fxe5 52. Rxe5 Ra6 53. Rd5 Kf6 54. Rf5+ Kg6 55. Rc5 Rb6 56. Kd4 Rf6 57. Ke4 Rf4+ 58. Ke3 Rf6 59. Rc8 Kg7 60. Rc3 Kg6 61. Ke4 Rf4+ 62. Ke5 Rf6 63. Rd3 Kg7 64. Rd7+ Kg6 65. Rd6 Rxd6 66. Kxd6 Kf6 67. Kd5 1-0

[Event "Pavlodar op"]
[Site "Pavlodar"]
[Date "2013.12.10"]
[Round "1"]
[White "Karmenov, Zhanibek"]
[Black "Iskichekova, Nadezhda"]
[Result "1-0"]
[WhiteElo "2234"]
[BlackElo "1757"]
[PlyCount "75"]
[EventDate "2013.12.10"]
[EventType "swiss"]
[EventRounds "10"]
[EventCountry "KAZ"]
[SourceTitle "CBM 158 Extra"]
[Source "ChessBase"]
[SourceDate "2014.02.28"]
[SourceVersion "1"]
[SourceVersionDate "2014.02.28"]
[SourceQuality "1"]

1. Nf3 d5 2. c4 e6 3. d4 Nf6 4. Nc3 Nbd7 5. cxd5 exd5 6. Bg5 c6 7. e3 Be7 8. Qc2 h6 9. Bh4 Nb6 10. Bd3 Nh5 11. Bxe7 Qxe7 12. Ne5 Nf6 13. 0-0-0 Nfd7 14. Nf3 Nf6 15. h3 Be6 16. Ne5 Nfd7 17. Nxd7 Nxd7 18. Kb1 Nf6 19. Rhe1 0-0 20. f4 b5 21. g4 b4 22. Na4 Qd6 23. Nc5 Rfb8 24. Rg1 Ne8 25. h4 Kf8 26. f5 Bc8 27. g5 hxg5 28. hxg5 a5 29. e4 dxe4 30. Bxe4 Nc7 31. Rh1 Nd5 32. Bxd5 Qxd5 33. f6 gxf6 34. gxf6 Qg5 35. Rh8+ Qg8 36. Rxg8+ Kxg8 37. Qg2+ Kf8 38. Qg7+ 1-0